000 00830cam a22002651 4500
001 agr57000244
003 DLC
005 20260227111018.0
008 730410s1957 dcuab 000 0 eng c
010 _aagr57000244
040 _aU.S. Dept. of Agr. Libr.
_cDLC
_dOCoLC
_dDLC
043 _an-us---
050 1 0 _aS21
_b.A35 1957
070 0 _a1Ag 84y 1957
110 1 _aUnited States.
_bDepartment of Agriculture.
245 0 0 _aSoil.
260 _aWashington,
_bU.S. Govt. Print. Off.
_c[1957]
300 _axiii, 784 p.
_billus., maps.
_c24 cm.
490 1 _aIts Yearbook of agriculture,
_v1957
500 _aLimited to the management of soil.
650 0 _aSoils.
650 0 _aSoil conservation
_zUnited States.
650 0 _aSoils
_zUnited States.
830 0 _aYearbook of agriculture (Washington, D.C. : 1926) ;
_v1957.
999 _c11612
_d11612